| 000 | 00662nam a22001937a 4500 | ||
|---|---|---|---|
| 005 | 20240521154141.0 | ||
| 010 | _aENG-140431 | ||
| 020 |
_a9789390434398 _c750.00 |
||
| 035 | _aEN-123963 | ||
| 037 | _bDBAD | ||
| 082 | _a638.1095451 | ||
| 100 |
_aKalita, Tarali _966662 |
||
| 245 |
_aSericulture: _bwith Special Reference to Assam/ _cEdited by Tarali Kalita |
||
| 260 |
_aAssam _bEBH Publishers, an imprint of Eastern Book House _c2022 |
||
| 270 |
_a136, M.L. Nehru Road, Panbazar, Guwahati _bAssam _e781001 |
||
| 300 |
_axvi, 172 p. _c23cm, (pb} _bpictures |
||
| 700 |
_aKalita, Tarali _966297 _eEditors |
||
| 942 |
_2ddc _cEN _h638.1095451 _mKAL |
||
| 999 |
_c203121 _d203121 |
||